[Event "SVK-ch U18/20"]
[Site "Tatralandia"]
[Date "2025.05.18"]
[Round "9"]
[White "Klimek, Martin"]
[Black "Cornej, Michal"]
[Result "1-0"]
[WhiteElo "1818"]
[BlackElo "1691"]
[PlyCount "99"]
[EventDate "2025.05.11"]
[EventType "swiss"]
[EventRounds "9"]
[EventCountry "SVK"]
[SourceTitle "CB21_2025"]
[SourceDate "2025.05.21"]
[SourceVersion "1"]
[SourceVersionDate "2025.05.21"]
[SourceQuality "1"]

1. e4 d5 2. exd5 Qxd5 3. Nf3 Nf6 4. d4 Bf5 5. c4 Qd8 6. Nc3 e6 7. Be3 c6 8. Be2 Be7 9. 0-0 0-0 10. Qb3 Qb6 11. Qxb6 axb6 12. Rfd1 Rd8 13. a3 Na6 14. Rac1 Nc7 15. Ne5 Nd7 16. g4 Bg6 17. Nxg6 hxg6 18. Bf3 b5 19. cxb5 Nd5 20. bxc6 bxc6 21. Nxd5 cxd5 22. g5 Nb6 23. Be2 Na4 24. b4 Nb2 25. Rd2 Nc4 26. Bxc4 dxc4 27. Rc3 Kf8 28. Rdc2 Ke8 29. Kf1 f6 30. h4 fxg5 31. hxg5 Rd5 32. f4 Bd8 33. Ke2 Bb6 34. Rd2 Kd7 35. Kf3 Kd6 36. Ke4 Ke7 37. Rd1 Rd7 38. Bc1 Rc8 39. d5 Ba7 40. Rd2 Bb6 41. a4 Rcd8 42. d6+ Rxd6 43. Rxd6 Rxd6 44. Rxc4 Rd7 45. a5 Bf2 46. a6 Ra7 47. b5 Kd7 48. Bb2 Bb6 49. Rc2 Kd6 50. Rc6+ 1-0

[Event "SVK-chT rapid"]
[Site "Poprad"]
[Date "2025.??.??"]
[Round "3.21"]
[White "Klimek, Martin"]
[Black "Balazs, Ladislav"]
[Result "1/2-1/2"]
[WhiteElo "1648"]
[BlackElo "2048"]
[PlyCount "130"]
[EventDate "2025.05.04"]
[EventType "team-swiss (rapid)"]
[EventRounds "7"]
[EventCountry "SVK"]
[SourceTitle "CB19_2025"]
[SourceDate "2025.05.07"]
[SourceVersion "1"]
[SourceVersionDate "2025.05.07"]
[SourceQuality "1"]

1. d4 Nf6 2. Nf3 g6 3. Bf4 Bg7 4. c3 0-0 5. Nbd2 d6 6. e4 a5 7. Bg3 a4 8. a3 c6 9. Bd3 Nbd7 10. e5 dxe5 11. Nxe5 Nh5 12. Nxd7 Bxd7 13. 0-0 Nxg3 14. fxg3 e5 15. dxe5 Qb6+ 16. Kh1 Qxb2 17. Qc1 Qxc1 18. Rfxc1 Bxe5 19. Nc4 Bc7 20. Rab1 Rad8 21. Ne3 b5 22. c4 Rfe8 23. Nc2 Be6 24. Nb4 c5 25. Na6 Rxd3 26. Nxc7 Rc8 27. Nxe6 fxe6 28. Kg1 Rdd8 29. Kf2 Kg7 30. Kf3 Kg8 31. Ke4 Kf7 32. h3 bxc4 33. Rxc4 Ra8 34. Rxc5 Rdb8 35. Rxb8 Rxb8 36. Kd3 Rb3+ 37. Kc2 Rxa3 38. Ra5 h5 39. Ra8 e5 40. Kd2 Kf6 41. Ke2 Kf5 42. Kf2 Ke4 43. Kf1 Kd3 44. Kf2 Kc3 45. Ke3 Ra1 46. Kf2 a3 47. Ke3 a2 48. Ke4 g5 49. Kxe5 Kc2 50. Ke4 Kc3 51. Ke3 Kc2 52. Kf2 Kc3 53. Rc8+ Kd3 54. Rd8+ Ke4 55. Ra8 g4 56. hxg4 hxg4 57. Ra4+ Kd3 58. Ra8 Kd2 59. Rd8+ Kc3 60. Ra8 Kb3 61. Rb8+ Kc4 62. Rc8+ Kd5 63. Ra8 Kc4 64. Rc8+ Kd5 65. Ra8 Kc4 1/2-1/2

[Event "SVK-chT2A 2425"]
[Site "Slovakia"]
[Date "2024.12.01"]
[Round "4.8"]
[White "Klimek, Martin"]
[Black "Benci, Rudolf"]
[Result "1/2-1/2"]
[WhiteElo "1818"]
[BlackElo "1812"]
[PlyCount "41"]
[EventDate "2024.11.09"]
[EventType "team-tourn"]
[EventRounds "11"]
[EventCountry "SVK"]
[SourceTitle "CB51_2024"]
[SourceDate "2024.12.18"]
[SourceVersion "1"]
[SourceVersionDate "2024.12.18"]
[SourceQuality "1"]
[WhiteTeam "Senec"]
[BlackTeam "Bratislava Doprastav III"]
[WhiteTeamCountry "SVK"]
[BlackTeamCountry "SVK"]

1. e4 d6 2. d4 Nf6 3. Bd3 c6 4. Ne2 Nbd7 5. 0-0 e5 6. Nbc3 Be7 7. a4 a5 8. Bc4 Nxe4 9. Nxe4 d5 10. Bd3 dxe4 11. Bxe4 Nf6 12. Qd3 exd4 13. Nxd4 0-0 14. Bf5 Bc5 15. Bxc8 Rxc8 16. Be3 Ng4 17. Rfd1 Qf6 18. h3 Nxe3 19. Qxe3 Rfe8 20. Qd3 Rcd8 21. c3 1/2-1/2

[Event "SVK-chT2A 2425"]
[Site "Slovakia"]
[Date "2024.11.09"]
[Round "1.8"]
[White "Klimek, Martin"]
[Black "Sturc, Gustav"]
[Result "1-0"]
[WhiteElo "1818"]
[BlackElo "1846"]
[PlyCount "59"]
[EventDate "2024.11.09"]
[EventType "team-tourn"]
[EventRounds "11"]
[EventCountry "SVK"]
[SourceTitle "CB51_2024"]
[SourceDate "2024.12.18"]
[SourceVersion "1"]
[SourceVersionDate "2024.12.18"]
[SourceQuality "1"]
[WhiteTeam "Senec"]
[BlackTeam "Bratislava Slovan III"]
[WhiteTeamCountry "SVK"]
[BlackTeamCountry "SVK"]

1. e4 e5 2. Nf3 Nc6 3. c3 Nf6 4. d4 d6 5. Bd3 Bg4 6. Qa4 Nd7 7. Nbd2 a6 8. 0-0 Be7 9. Qb3 Qc8 10. d5 Nd8 11. Nc4 Nc5 12. Qc2 Nxd3 13. Qxd3 f5 14. h3 fxe4 15. Qxe4 Bf5 16. Qe2 Nf7 17. Nh2 0-0 18. f4 Bd7 19. fxe5 dxe5 20. Nxe5 Nxe5 21. Qxe5 Bc5+ 22. Kh1 Rxf1+ 23. Nxf1 Bxh3 24. gxh3 Qxh3+ 25. Nh2 Bd6 26. Qe6+ Qxe6 27. dxe6 Re8 28. Bd2 Rxe6 29. Re1 Rh6 30. Bxh6 1-0

[Event "SVK-ch Amateurs"]
[Site "Radava"]
[Date "2022.11.17"]
[Round "8"]
[White "Visvader, Rudolf"]
[Black "Klimek, Martin"]
[Result "0-1"]
[WhiteElo "1253"]
[BlackElo "1419"]
[PlyCount "48"]
[EventDate "2022.11.14"]
[EventType "swiss"]
[EventRounds "8"]
[EventCountry "SVK"]
[SourceTitle "CBM 211 Extra"]
[Source "ChessBase"]
[SourceDate "2023.01.31"]
[SourceVersion "1"]
[SourceVersionDate "2023.01.31"]
[SourceQuality "1"]

1. d4 Nf6 2. Bf4 c5 3. e3 e6 4. Nf3 Qb6 5. b3 d5 6. Nbd2 Nc6 7. c3 cxd4 8. exd4 Bd7 9. Bd3 Rc8 10. 0-0 Be7 11. Re1 0-0 12. Be5 Nxe5 13. Nxe5 Rxc3 14. Nxd7 Nxd7 15. Re3 Qxd4 16. Nf3 Qf6 17. Qd2 Rxd3 18. Qxd3 Qxa1+ 19. Ne1 Bb4 20. Kf1 Rc8 21. Re2 Rc1 22. g3 Rxe1+ 23. Rxe1 Qxe1+ 24. Kg2 Qe4+ 0-1

[Event "SVK-ch U16 rapid"]
[Site "Nitra"]
[Date "2021.09.11"]
[Round "6"]
[White "Klimek, Martin"]
[Black "Orgon, Patrik"]
[Result "1/2-1/2"]
[WhiteElo "1267"]
[BlackElo "1683"]
[PlyCount "124"]
[EventDate "2021.09.11"]
[EventType "swiss (rapid)"]
[EventRounds "7"]
[EventCountry "SVK"]
[SourceTitle "EXT 2023"]
[Source "ChessBase"]
[SourceDate "2022.10.05"]
[SourceVersion "1"]
[SourceVersionDate "2022.10.05"]
[SourceQuality "1"]

1. d4 f5 2. Bf4 Nf6 3. e3 e6 4. Nf3 b6 5. Nbd2 Bb7 6. Bd3 Be7 7. 0-0 0-0 8. c3 Ne4 9. Qe2 Bf6 10. Bxe4 fxe4 11. Ne5 d6 12. Nec4 Ba6 13. Qg4 d5 14. Qxe6+ Kh8 15. Ne5 Bxe5 16. Bxe5 Bxf1 17. Rxf1 c6 18. Qg4 Qd7 19. Qg3 Na6 20. f4 Qf7 21. Qf2 c5 22. f5 Rac8 23. f6 g6 24. Qg3 Kg8 25. h4 cxd4 26. Bxd4 Nc5 27. h5 Ne6 28. Be5 g5 29. Rf5 h6 30. Nf3 Qxh5 31. Nd4 Nxd4 32. exd4 Qg6 33. Rf1 Rce8 34. Qe3 Rf7 35. b4 Rc8 36. g4 Kh7 37. Rf2 Rcf8 38. Bd6 Re8 39. Be5 Re6 40. a4 Rc6 41. Rh2 Rcxf6 42. Bxf6 Rxf6 43. Rf2 Kg7 44. Qg3 Rxf2 45. Kxf2 Qe6 46. Qc7+ Kg6 47. Qg3 Qf7+ 48. Ke3 Qe6 49. Kf2 h5 50. gxh5+ Kxh5 51. Qh2+ Kg6 52. Qg3 Qf5+ 53. Ke3 Qf1 54. Kd2 Qc4 55. Qd6+ Kh5 56. Qh2+ Kg4 57. Qg2+ Kf5 58. Qf2+ Kg6 59. Qg3 Qa2+ 60. Ke3 Qb1 61. Qd6+ Kh5 62. Qh2+ Kg6 1/2-1/2

[Event "SVK-ch U16 rapid"]
[Site "Nitra"]
[Date "2021.09.11"]
[Round "7"]
[White "Klimek, Martin"]
[Black "Paluska, Karol"]
[Result "0-1"]
[WhiteElo "1267"]
[BlackElo "1675"]
[PlyCount "62"]
[EventDate "2021.09.11"]
[EventType "swiss (rapid)"]
[EventRounds "7"]
[EventCountry "SVK"]
[SourceTitle "EXT 2023"]
[Source "ChessBase"]
[SourceDate "2022.10.05"]
[SourceVersion "1"]
[SourceVersionDate "2022.10.05"]
[SourceQuality "1"]

1. d4 Nf6 2. Bf4 d5 3. e3 c5 4. c3 Nc6 5. Nf3 Bg4 6. Nbd2 e6 7. Be2 cxd4 8. exd4 Be7 9. 0-0 0-0 10. Ne5 Bf5 11. Nxc6 bxc6 12. Nf3 c5 13. Bd3 Be4 14. dxc5 Bxc5 15. Bxe4 Nxe4 16. Nd2 Nxd2 17. Qxd2 Bd6 18. Bxd6 Qxd6 19. Rfe1 Rab8 20. Rab1 Rfc8 21. Rec1 Qa6 22. a3 Rb3 23. Rc2 Qb6 24. g3 Rxa3 25. bxa3 Qxb1+ 26. Kg2 Qb3 27. c4 dxc4 28. Qd7 Rf8 29. Rd2 c3 30. Qd3 Qb7+ 31. Kg1 cxd2 0-1

[Event "SVK-ch U16 rapid"]
[Site "Nitra"]
[Date "2021.09.11"]
[Round "1"]
[White "Rucek, Kristian"]
[Black "Klimek, Martin"]
[Result "1-0"]
[WhiteElo "1848"]
[BlackElo "1267"]
[PlyCount "51"]
[EventDate "2021.09.11"]
[EventType "swiss (rapid)"]
[EventRounds "7"]
[EventCountry "SVK"]
[SourceTitle "EXT 2023"]
[Source "ChessBase"]
[SourceDate "2022.10.05"]
[SourceVersion "1"]
[SourceVersionDate "2022.10.05"]
[SourceQuality "1"]

1. d4 g6 2. Bf4 Bg7 3. Nc3 f5 4. e4 d6 5. Qd2 Nf6 6. f3 0-0 7. Bc4+ Kh8 8. 0-0-0 a6 9. exf5 Bxf5 10. g4 Bd7 11. h4 b5 12. Bb3 Nc6 13. h5 gxh5 14. g5 Ne8 15. Rxh5 Nxd4 16. Bd5 c6 17. Be4 Bf5 18. Bxf5 Rxf5 19. Qh2 e5 20. Rxh7+ Kg8 21. Be3 Nxf3 22. Nxf3 Rxf3 23. g6 Rxe3 24. Rh8+ Bxh8 25. Qh7+ Kf8 26. Qf7# 1-0